Southville International School and Colleges
Your cart is empty.
  • Cart
  • Lists
    Public lists Eva Luna New books Lux_list list_1
    Your lists Log in to create your own lists
  • Log in to your account
  • Your cookies
  • Search history
Southville International School and Colleges
  • Advanced search
  • Recent comments
  • Most popular
  • Libraries

Log in to your account

Log in with GOOGLE


If you do not have an external account, but do have a local account, you can still log in:

  1. Home
  2. MARC view: Hugo and Russell's pharmaceutical microbiology /
Normal view MARC view ISBD view

Hugo and Russell's pharmaceutical microbiology / (Record no. 278747)

[ view plain ]
MARC details
000 -LEADER
fixed length control field 01576cam a22004454a 4500
001 - CONTROL NUMBER
control field 16660542
005 - DATE AND TIME OF LATEST TRANSACTION
control field 20150127144928.0
008 - FIXED-LENGTH DATA ELEMENTS--GENERAL INFORMATION
fixed length control field 110217s2011 enka b 001 0 eng
010 ## - LIBRARY OF CONGRESS CONTROL NUMBER
LC control number 2011007514
016 7# - NATIONAL BIBLIOGRAPHIC AGENCY CONTROL NUMBER
Record control number 101554402
Source DNLM
016 7# - NATIONAL BIBLIOGRAPHIC AGENCY CONTROL NUMBER
Record control number 015804646
Source Uk
020 ## - INTERNATIONAL STANDARD BOOK NUMBER
International Standard Book Number 9781444330632 (pbk. : alk. paper)
020 ## - INTERNATIONAL STANDARD BOOK NUMBER
International Standard Book Number 1444330632 (pbk. : alk. paper)
020 ## - INTERNATIONAL STANDARD BOOK NUMBER
International Standard Book Number 9789812533517
035 ## - SYSTEM CONTROL NUMBER
System control number (OCoLC)ocn703790583
040 ## - CATALOGING SOURCE
Original cataloging agency DNLM/DLC
Transcribing agency DLC
Modifying agency YDX
-- NLM
-- YDXCP
-- CDX
-- UKMGB
-- BWX
-- DLC
042 ## - AUTHENTICATION CODE
Authentication code pcc
050 00 - LIBRARY OF CONGRESS CALL NUMBER
Classification number QR 46.5
Item number .P48 2011
060 00 - NATIONAL LIBRARY OF MEDICINE CALL NUMBER
Classification number 2011 J-366
060 10 - NATIONAL LIBRARY OF MEDICINE CALL NUMBER
Classification number QV 250
082 00 - DEWEY DECIMAL CLASSIFICATION NUMBER
Classification number 615/.101579
245 00 - TITLE STATEMENT
Title Hugo and Russell's pharmaceutical microbiology /
Statement of responsibility, etc edited by Stephen P. Denyer ... [et al.].
246 30 - VARYING FORM OF TITLE
Title proper/short title Pharmaceutical microbiology
250 ## - EDITION STATEMENT
Edition statement 8th ed.
260 ## - PUBLICATION, DISTRIBUTION, ETC. (IMPRINT)
Place of publication, distribution, etc Chichester, West Sussex, UK ;
-- Hoboken, NJ :
Name of publisher, distributor, etc Wiley-Blackwell,
Date of publication, distribution, etc 2011.
300 ## - PHYSICAL DESCRIPTION
Extent x, 513 pages :
Other physical details illustrations ;
Dimensions 25 cm.
504 ## - BIBLIOGRAPHY, ETC. NOTE
Bibliography, etc Includes bibliographical references and index.
521 ## - TARGET AUDIENCE NOTE
Target audience note Pharmacy
650 #0 - SUBJECT ADDED ENTRY--TOPICAL TERM
Topical term or geographic name as entry element Pharmaceutical microbiology.
650 12 - SUBJECT ADDED ENTRY--TOPICAL TERM
Topical term or geographic name as entry element Anti-Infective Agents.
650 22 - SUBJECT ADDED ENTRY--TOPICAL TERM
Topical term or geographic name as entry element Microbiological Phenomena.
650 22 - SUBJECT ADDED ENTRY--TOPICAL TERM
Topical term or geographic name as entry element Microbiological Techniques.
650 22 - SUBJECT ADDED ENTRY--TOPICAL TERM
Topical term or geographic name as entry element Technology, Pharmaceutical.
700 1# - ADDED ENTRY--PERSONAL NAME
Personal name Denyer, S. P.
700 1# - ADDED ENTRY--PERSONAL NAME
Personal name Hugo, W. B.
Fuller form of name (William Barry).
Title of a work Pharmaceutical microbiology.
906 ## - LOCAL DATA ELEMENT F, LDF (RLIN)
a 7
b cbc
c orignew
d 1
e ecip
f 20
g y-gencatlg
942 ## - ADDED ENTRY ELEMENTS (KOHA)
Source of classification or shelving scheme Library of Congress Classification
Koha item type Books
Holdings
Withdrawn status Lost status Source of classification or shelving scheme Damaged status Home library Current library Shelving location Date acquired Source of acquisition Sub Shelving location Total Checkouts Full call number Barcode Date last seen Price effective from Koha item type
    Library of Congress Classification   South SEED-LPDH College Library South SEED-LPDH College Library South SEED-LPDH College Section 01/27/2015 Library Fund     QR 46.5 .P48 2011 SSLC1388 04/20/2017 01/27/2015 Books

Hugo and Russell's pharmaceutical microbiology /

APA

Denyer S. P., Hugo W. B., . (2011). Hugo and Russell's pharmaceutical microbiology. Chichester, West Sussex, UK: Wiley-Blackwell.

Chicago

Denyer S P, Hugo W B, . 2011. Hugo and Russell's pharmaceutical microbiology. Chichester, West Sussex, UK: Wiley-Blackwell.

Harvard

Denyer S. P., Hugo W. B., . (2011). Hugo and Russell's pharmaceutical microbiology. Chichester, West Sussex, UK: Wiley-Blackwell.

MLA

Denyer S P, Hugo W B, . Hugo and Russell's pharmaceutical microbiology. Chichester, West Sussex, UK: Wiley-Blackwell. 2011.

  • Place hold
  • Print
  • Cite
  • Add to your cart (remove)
  • Save record
    BIBTEX Dublin Core MARCXML MARC (non-Unicode/MARC-8) MARC (Unicode/UTF-8) MARC (Unicode/UTF-8, Standard) MODS (XML) RIS
  • More searches
    Search for this title in:
    Other Libraries (WorldCat) Other Databases (Google Scholar) Online Stores (Bookfinder.com) Open Library (openlibrary.org)

Exporting to Dublin Core...

SOUTHVILLE LIBRARY

Southville International School and Colleges Library

1281 Tropical Ave. Cor. Luxembourg St., BF Homes International, Las Pinas City

Tel. No. 8256374 / 252358 Loc. 117/146

Powered by Koha